Normal view
MARC view
- GRAPHIC DESIGN (TYPOGRAPHY). WEB TYPOGRAPHY. WEB SITE- DESIGN. WEB PUBLISHING
Entry Topical Term
001 - CONTROL NUMBER
- control field: 65290
003 - CONTROL NUMBER IDENTIFIER
- control field: NUST
005 - DATE AND TIME OF LATEST TRANSACTION
- control field: 20210628203420.0
008 - FIXED-LENGTH DATA ELEMENTS
- fixed length control field: 210628|| aca||aabn | a|a d
040 ## - CATALOGING SOURCE
- Original cataloging agency: NUST
- Transcribing agency: NUST
150 ## - HEADING--TOPICAL TERM
- Topical term or geographic name entry element: GRAPHIC DESIGN (TYPOGRAPHY). WEB TYPOGRAPHY. WEB SITE- DESIGN. WEB PUBLISHING
670 ## - SOURCE DATA FOUND
- Source citation: Work cat.: (NUST): 0-7645-3700-8 65289, Great web typography, 2003
